00632nam a2200169 a 450000500170000000800410001704100080005804400070006609000140007311101630008724501130025026000430036330000110040694200150041794500150043299900150044720140314093331.0140314b1998 xxu||||| |||| 00| 0 spa d aspa aag aLBb03835 aMemorias del Taller Subregional de Sensibilización sobre los Contaminantes Orgánicos Persistentes (COPs)cPuerto Iguazu, ArgentinadAbril 1-3, 1998921540 aMemorias del taller subregional de sensibilización sobre los contaminantes orgánicos persistentes (COPs) aPuerto IguazubPNUMAbIFCSbIOMCc1998 a320 p. cImpreso2z d2004-09-01 c4139d4139